Pokémon Platine - Les capacités de type Spectre - Statistiques

Statistiques générales
  • Ce quiz a été pris 43 fois
  • Le résultat moyen est 9 sur 14
Statistiques - réponses
Gen Catégorie Capacité % Correct
II Spéciale Ball'Ombre
97%
IV Physique Griffe Ombre
84%
III Physique Poing Ombre
84%
IV Physique Revenant
84%
I Physique Léchouille
78%
I Spéciale Ténèbres
70%
IV Physique Ombre Portée
68%
I Statut Onde Folie
65%
IV Spéciale Vent Mauvais
59%
II Statut Dépit
54%
III Physique Etonnement
51%
II Statut Prlvt Destin
49%
III Statut Rancune
43%
II Statut Cauchemar
35%
Aucun quiz correspondant
Distribution des résultats
% des personnes avec chaque résultat
Percentile par nombre de réponses
Votre historique - résultats
Vous n’avez pas pris ce quiz